000 00720nam a22002297a 4500
005 20170124110201.0
010 _aA-933649
020 _c75.00
_a8120311906
035 _aA-933649
037 _bCen Lib/Ret
040 _aDPL
_bEN
082 _a004.0151
_bKEL
100 _aKelly, John J
_936036
245 _aThe essence of logic /
_cby John J. Kelly
260 _aNew Delhi
_bPrentice Hal of India
_c1997
270 _aM-97, Connaught Circus
_bNew Delhi
_e110001
300 _axiii,258p.
_c21cm(Hb)
500 _aIncludes bibliographical references and index
650 _aLogic, Symbolic and mathematical
_936037
650 _aComputer science
_936038
942 _2ddc
_cEN
_h004.0151
_mKEL
999 _c132884
_d132884